Conceptual models in mathematics : sets, logic and probability /
Guardado en:
| Autor Principal: | |
|---|---|
| Otros Autores: | |
| Formato: | Libro |
| Idioma: | English |
| Publicado: |
London :
Allen and Unwin,
1971.
|
| Series: | Mathematical studies ;
no. 5 |
| Materias: | |
| Etiquetas: |
Agregar Etiqueta
Sin Etiquetas, Sea el primero en etiquetar este registro!
|
| LEADER | 00809cam a2200253 a 4500 | ||
|---|---|---|---|
| 001 | MAT.inmabb003386 | ||
| 008 | 721102s1971####enka##########001#0#eng## | ||
| 005 | 20180611164937.0 | ||
| 245 | 1 | 0 | |a Conceptual models in mathematics : |b sets, logic and probability / |c by K. E. Hirst, F. Rhodes. |
| 260 | |a London : |b Allen and Unwin, |c 1971. | ||
| 300 | |a 182 p. : |b il. ; |c 23 cm. | ||
| 440 | 0 | |a Mathematical studies ; |v no. 5 | |
| 510 | 4 | |a MR, |c 50 #12497 | |
| 020 | |a 0045100349 | ||
| 020 | |a 0045100357 (pbk.) | ||
| 100 | 1 | |a Hirst, Keith Edwin. | |
| 700 | 1 | |a Rhodes, F. |q (Frank) | |
| 084 | |a 03-01 (03Bxx) |2 msc2000 | ||
| 650 | 0 | |a Set theory. | |
| 650 | 0 | |a Logic, Symbolic and mathematical. | |
| 650 | 0 | |a Probabilities. | |
| 010 | |a 72188639 | ||
| 040 | |a DLC |c DLC |d DLC |d ICU | ||
| 859 | |h 03 |i H669 |p A-4804 |b BIB. MATEMATICA | ||
